State-Owned Airlines Quiz - Statistics

General Stats
  • This quiz has been taken 20 times
  • The average score is 5 of 8
Answer Stats
Airline Country % Correct
Gulf Air Bahrain
92%
Belavia Belarus
85%
Air Koryo North Korea
85%
Etihad Airways United Arab Emirates
77%
Afriqiyah Airways Libya
54%
Camair-Co Cameroon
46%
Nordica Estonia
46%
Conviasa Venezuela
38%
No matching quizzes found
Score Distribution
Percent of People with Each Score
Percentile by Number Answered
Your Score History
You have not taken this quiz